Statistiques concernant Les albums de Tintin

Cliquez ici pour prendre le quiz!

Statistiques générales

  • Ce quiz a été pris 3 313 fois
  • Le résultat moyen est 15 sur 24

Statistiques - réponses

HintRéponse% Correct
1931Tintin au Congo
93%
1932Tintin en Amérique
85%
1954On a marché sur la Lune
77%
1936Le Lotus bleu
76%
1963Les Bijoux de la Castafiore
75%
1953Objectif Lune
75%
1960Tintin au Tibet
72%
1943Le Secret de La Licorne
65%
1934Les Cigares du pharaon
64%
1948Les Sept Boules de cristal
62%
1958Coke en Stock
61%
1944Le Trésor de Rackham le Rouge
61%
1937L'Oreille cassée
61%
1938L'Ile noire
60%
1976Tintin et les Picaros
59%
1956L'Affaire Tournesol
58%
1941Le Crabe aux pinces d'or
58%
1939Le Sceptre d'Ottokar
56%
1930Tintin au pays des soviets
55%
1949Le Temple du Soleil
52%
1942L'Etoile mystérieuse
50%
1950Tintin au pays de l'or noir
50%
1968Vol 714 pour Sydney
47%
1986Tintin et l'Alph-Art
27%

Distribution des résultats

Percentile par nombre de réponses

% des personnes avec chaque résultat

Votre développement - résultats

Vous n’avez pas pris ce quiz